000 nam a22 7a 4500
999 _c7235
_d7235
008 170731b xxu||||| |||| 00| 0 eng d
100 _93802
_aFortune
245 _aEncyclopedia of Anatomy
260 _aNew delhi
_bAnmol publications
_c2006